Difese penali : studi di giurisprudenza penale. Arringhe civili. Tomo III /

Guardado en:
Autor Principal: Ferri, Enrico
Formato: Libro
Idioma:Italian
Publicado: Torino : Unione tipografico - editrice Torinese, 1925
Edición:3a. ed. riveduta ed aumentada.
Materias:
Etiquetas: Agregar Etiqueta
Sin Etiquetas, Sea el primero en etiquetar este registro!
LEADER 00501nam a22001455a 4500
001 DER.der012132
008 180615s1925####it#||||||||||||||#||ita||
005 20260127131723.0
245 1 0 |a Difese penali :  |b studi di giurisprudenza penale. Arringhe civili.  |n Tomo III /  |c Enrico Ferri. 
250 |a 3a. ed. riveduta ed aumentada. 
260 |a Torino :  |b Unione tipografico - editrice Torinese,  |c 1925 
300 |a 600 p. 
100 1 |a Ferri, Enrico 
650 7 |a CRIMINOLOGÍA 
859 |a DERECHO  |b BIB. DERECHO  |h 364  |i FER  |p 006876